<?xml version="1.0" encoding="UTF-8"?>
<record
    xmlns:xsi="http://www.w3.org/2001/XMLSchema-instance"
    xsi:schemaLocation="http://www.loc.gov/MARC21/slim http://www.loc.gov/standards/marcxml/schema/MARC21slim.xsd"
    xmlns="http://www.loc.gov/MARC21/slim">

  <leader>     nam a22     7a 4500</leader>
  <datafield tag="999" ind1=" " ind2=" ">
    <subfield code="c">49927</subfield>
    <subfield code="d">49927</subfield>
  </datafield>
  <controlfield tag="003">OSt</controlfield>
  <controlfield tag="005">20200319105924.0</controlfield>
  <controlfield tag="008">200319b        xxu||||| |||| 00| 0 eng d</controlfield>
  <datafield tag="040" ind1=" " ind2=" ">
    <subfield code="c">SERO SOFT </subfield>
  </datafield>
  <datafield tag="100" ind1=" " ind2=" ">
    <subfield code="a">KUMAR SANJAY</subfield>
  </datafield>
  <datafield tag="245" ind1=" " ind2=" ">
    <subfield code="a">BHARTIYE SHIKSHA AVAM ARTHIK MUDDOO KA ITIHAAS  </subfield>
  </datafield>
  <datafield tag="250" ind1=" " ind2=" ">
    <subfield code="a">NEW</subfield>
  </datafield>
  <datafield tag="260" ind1=" " ind2=" ">
    <subfield code="a">MEERUT </subfield>
    <subfield code="b">R.LALL</subfield>
  </datafield>
  <datafield tag="300" ind1=" " ind2=" ">
    <subfield code="a">578</subfield>
  </datafield>
  <datafield tag="942" ind1=" " ind2=" ">
    <subfield code="2">ddc</subfield>
    <subfield code="c">01</subfield>
  </datafield>
  <datafield tag="952" ind1=" " ind2=" ">
    <subfield code="0">0</subfield>
    <subfield code="1">0</subfield>
    <subfield code="2">ddc</subfield>
    <subfield code="4">0</subfield>
    <subfield code="7">0</subfield>
    <subfield code="a">07</subfield>
    <subfield code="b">07</subfield>
    <subfield code="d">2020-03-19</subfield>
    <subfield code="g">350.00</subfield>
    <subfield code="i">74585</subfield>
    <subfield code="l">0</subfield>
    <subfield code="p">07-B-12839</subfield>
    <subfield code="r">2020-03-19</subfield>
    <subfield code="w">2020-03-19</subfield>
    <subfield code="y">01</subfield>
  </datafield>
  <datafield tag="952" ind1=" " ind2=" ">
    <subfield code="0">0</subfield>
    <subfield code="1">0</subfield>
    <subfield code="2">ddc</subfield>
    <subfield code="4">0</subfield>
    <subfield code="7">0</subfield>
    <subfield code="a">07</subfield>
    <subfield code="b">07</subfield>
    <subfield code="d">2020-03-19</subfield>
    <subfield code="g">350.00</subfield>
    <subfield code="i">74585</subfield>
    <subfield code="l">1</subfield>
    <subfield code="p">07-B-12840</subfield>
    <subfield code="r">2021-04-06</subfield>
    <subfield code="s">2021-03-30</subfield>
    <subfield code="w">2020-03-19</subfield>
    <subfield code="y">01</subfield>
  </datafield>
  <datafield tag="952" ind1=" " ind2=" ">
    <subfield code="0">0</subfield>
    <subfield code="1">0</subfield>
    <subfield code="2">ddc</subfield>
    <subfield code="4">0</subfield>
    <subfield code="7">0</subfield>
    <subfield code="a">07</subfield>
    <subfield code="b">07</subfield>
    <subfield code="d">2020-03-19</subfield>
    <subfield code="g">350.00</subfield>
    <subfield code="i">74585</subfield>
    <subfield code="l">0</subfield>
    <subfield code="p">07-B-12841</subfield>
    <subfield code="r">2020-03-19</subfield>
    <subfield code="w">2020-03-19</subfield>
    <subfield code="y">01</subfield>
  </datafield>
</record>
